000 00327nab a22001097u 4500
008 130520b1986 xxu||||| |||| 00| 0 spa d
041 _aspa
100 1 _aCouch, R. A.
_967382
245 0 0 _aLos países desarrollados y el tercer mundo
_cR. A. Couch
773 0 _tConcilium
_gV.2,1986,págs.299-305
_x0210-1041
_wRev134
942 _cAR
999 _c355224
_d355224